000
00350 a2200169 4500
001
186755
020
_a
85-322-3750-9
040
_c
Magnum
100
_a
Martinez, Jose Carlos
240
1
0
_a
Os 3 porquinhos
_l
por
245
1
0
_a
Os 3 porquinhos
300
_a
16
362
0
_a
1997
440
1
_a
FTD
697
_a
LITERATURA INFANTO
942
_c
BK
999
_c
186755
_d
186755